[Event "2nd JAHV McGregor Open"]
[Site "Bogota COL"]
[Date "2011.12.11"]
[Round "10"]
[White "Acuna Buitrago,Camilo Andres"]
[Black "Abril,M"]
[Result "0-1"]
[WhiteElo "2074"]
[BlackElo "1966"]

1.e4 d5 2.exd5 Qxd5 3.Nc3 Qd6 4.d4 Nf6 5.Be3 c6 6.Bd3 Bg4 7.Nge2 e6 8.Qd2 Be7
9.O-O-O Nbd7 10.f3 Bh5 11.Nf4 Bg6 12.Nxg6 hxg6 13.Ne4 Qb4 14.c3 Qa5 15.Kb1 Nd5
16.Bg5 N7f6 17.h4 b5 18.Rde1 Rb8 19.g4 b4 20.c4 Nc3+ 21.Kc1 Nfxe4 22.Bxe4 Nxe4
23.fxe4 Qxa2 24.Bxe7 Qxc4+ 25.Kb1 Kxe7 26.Rc1 Qa6 27.Qg5+ Ke8 28.Qc5 Qd3+
29.Qc2 Qxc2+ 30.Rxc2 Rb6 31.d5 exd5 32.exd5 Kd7 33.dxc6+ Rxc6 34.Rf2 f6 35.Ka2 a5
36.Kb3 Rb8 37.g5 a4+ 38.Kxa4 b3 39.Rd1+ Kc7 40.Rd5 Rc4+ 41.Ka3 Rc1  0-1

[Event "TCh-CZE Liga 1 Zapad"]
[Site "Czech Rep CZE"]
[Date "2011.12.11"]
[Round "5.6"]
[White "Vacek,Ma"]
[Black "Kucera,P3"]
[Result "1/2-1/2"]
[WhiteElo "2259"]
[BlackElo "2158"]

1.e4 d5 2.exd5 Qxd5 3.Nc3 Qd6 4.d4 Nf6 5.Nf3 a6 6.g3 b5 7.Bg2 Bb7 8.O-O e6
9.Bf4 Qb6 10.a4 b4 11.a5 Qa7 12.Na4 Nd5 13.Qd2 Nd7 14.c4 bxc3 15.bxc3 Nxf4
16.Qxf4 Bd6 17.Qe3 O-O 18.c4 Rab8 19.c5 Be7 20.Nc3 Rfe8 21.Ne4 e5 22.dxe5 Bxc5
23.Qf4 Bxe4 24.Qxe4 Nf8 25.Ra2 Ne6 26.Rc1 h6 27.Bf1 Nd4 28.Nd2 Ne6 29.Nf3 Nd4
30.Bc4 Nxf3+ 31.Qxf3 Rxe5 32.Qxf7+ Kh8 33.Qd7 Rf8 34.Rcc2 Ref5 35.Qc6 R5f6
36.Qe4 Bxf2+ 37.Kg2 Qd4 38.Bd3 Qxe4+ 39.Bxe4 Bd4 40.Rxc7 Rf2+ 41.Rxf2 Rxf2+
42.Kh3 Kg8 43.Bd3 Kf8 44.Bxa6  1/2-1/2

[Event "London Classic FIDE Open"]
[Site "London ENG"]
[Date "2011.12.11"]
[Round "9"]
[White "Guiot,J"]
[Black "Calvert,D"]
[Result "1/2-1/2"]
[WhiteElo "2100"]
[BlackElo "1947"]

1.e4 d5 2.exd5 Qxd5 3.Nc3 Qd6 4.d4 Nf6 5.Bc4 a6 6.Nge2 b5 7.Bf4 Qd7 8.Bb3 Bb7
9.O-O e6 10.Re1 c5 11.dxc5 Qc6 12.f3 Bxc5+ 13.Kh1 Qxf3  1/2-1/2

[Event "80th Anniversary Mollet CM"]
[Site "Mollet del Valles ESP"]
[Date "2011.12.11"]
[Round "9"]
[White "Delisau Gil,O"]
[Black "Gomez Benitez,D"]
[Result "1-0"]
[WhiteElo "1945"]
[BlackElo "2087"]

1.e4 d5 2.exd5 Qxd5 3.Nc3 Qd6 4.d4 Nf6 5.Nf3 c6 6.g3 Bg4 7.Bg2 e6 8.O-O Be7
9.h3 Bh5 10.Be3 O-O 11.a3 Na6 12.Qd2 Nc7 13.Ne5 Ncd5 14.g4 Nxe3 15.Qxe3 Bg6
16.Nxg6 hxg6 17.Ne4 Qc7 18.c4 Rfd8 19.Rad1 Qb6 20.Rd2 Rd7 21.Rfd1 Rad8 22.Nc3 Nh7
23.d5 Qxe3 24.fxe3 Bc5 25.Kf2 exd5 26.cxd5 Nf6 27.Ne4 Nxe4+ 28.Bxe4 f5 29.gxf5 gxf5
30.Bf3 f4 31.Ke2 Bxe3 32.Rd3 c5 33.Bg4 Rd6 34.Be6+ Kh7 35.Rc3 Bd4 36.Rc2 Kg6
37.Rb1 b5 38.Kf3 Be3 39.b4 c4 40.a4 a6 41.axb5 axb5 42.Ra1 Kf6 43.Ra5 Rb6
44.Ke4 g5 45.Raa2 Rb7 46.Ra6 Rb6 47.Raa2 Rdb8 48.Ra5 R6b7 49.Ra6 Bb6 50.Rca2 Re8
51.R2a3 Ree7 52.Ra8 Rxe6+ 53.dxe6 Kxe6 54.Rg8 Kf6 55.Rf8+ Kg7 56.Re8 Rc7
57.Rc3 Be3 58.Re5 Bd2 59.Rc2 c3 60.Rxg5+ Kh6 61.Rxb5 Re7+ 62.Kf3 Rg7 63.Ra2 Rg3+
64.Ke4 Rg6 65.Rd5 Rb6 66.b5 Be3 67.Ra6 Rg6 68.Rxg6+ Kxg6 69.Rd6+ Kg5 70.Rc6 Kh4
71.Rxc3  1-0

[Event "IV Amitan Mem GM"]
[Site "Donetsk UKR"]
[Date "2011.12.13"]
[Round "8"]
[White "Sivuk,V"]
[Black "Kasparov,S"]
[Result "1-0"]
[WhiteElo "2432"]
[BlackElo "2521"]

1.e4 d5 2.exd5 Qxd5 3.Nc3 Qd6 4.d4 Nf6 5.Nf3 c6 6.Ne5 Nbd7 7.f4 Nb6 8.g4 g6
9.Bg2 Bg7 10.O-O O-O 11.g5 Nfd7 12.Ne4 Qc7 13.c3 Kh8 14.Nd3 Nc4 15.f5 gxf5
16.Ng3 Nd6 17.Bf4 f6 18.Nxf5 fxg5 19.Nxg7 Kxg7 20.Qg4 Nf6 21.Qxg5+ Kh8 22.Be5 Qd8
23.Kh1 Be6 24.Nf4 Bf7 25.b3 Rg8 26.Qh4 Rg7 27.c4 Nf5 28.Qh3 Qc8 29.Rg1 Nd6
30.Qd3 Qf5 31.Qxf5 Nxf5 32.Bh3 Rxg1+ 33.Rxg1 Nh4 34.Rf1 Ng6 35.Nxg6+ Bxg6
36.Bg2 Kg8 37.d5 Nd7 38.Bg3 Rc8 39.dxc6 bxc6 40.Bh3 Rf8 41.Re1 Nc5 42.Rxe7 Rd8
43.Bg2 Rd1+ 44.Re1 Rxe1+ 45.Bxe1 Nd3 46.Bd2 Be4 47.Bxe4 Nf2+ 48.Kg2 Nxe4
49.Bb4 Kf7 50.Kf3 Nf6 51.Bc3 Nd7 52.Bd4 a6 53.Kf4 Kg6 54.b4 Kf7 55.Kf5 Ke7
56.a4 Kf7 57.a5 Ke7 58.b5 cxb5 59.cxb5 Kd6 60.bxa6 Kc6 61.Ke6 Nf8+ 62.Ke7 Ng6+
63.Kd8 Nf8 64.Kc8 Ne6 65.Bb6  1-0

[Event "TCh-ISR 2011-12"]
[Site "Israel ISR"]
[Date "2011.12.16"]
[Round "1.5"]
[White "Klenburg,M"]
[Black "Bar,R"]
[Result "0-1"]
[WhiteElo "2381"]
[BlackElo "2455"]

1.e4 d5 2.exd5 Qxd5 3.Nc3 Qd6 4.d4 Nf6 5.Nf3 c6 6.Ne5 e6 7.Bf4 Qd8 8.Qf3 Be7
9.O-O-O O-O 10.Bd3 Nbd7 11.Qh3 g6 12.g4 Nd5 13.Nxd5 exd5 14.Qg3 Nxe5 15.dxe5 Qa5
16.Kb1 c5 17.Bd2 Qc7 18.c3 c4 19.Bc2 b5 20.Be3 a5 21.f4 b4 22.Bd4 a4 23.cxb4 Bxb4
24.f5 Bc5 25.Rhe1 Bxd4 26.Rxd4 Qb6 27.Rxd5 a3 28.b3 cxb3 29.Bxb3 Rb8 30.Rc1 Qb4
31.Ka1 Bb7 32.Rc4 Rbc8 33.Rdd4 Ba6 34.Rxc8 Qxd4+ 35.Rc3 Rc8 36.e6 Qxc3+ 37.Qxc3 Rxc3  0-1

[Event "European Rapid 2011"]
[Site "Warsaw POL"]
[Date "2011.12.17"]
[Round "8"]
[White "Kryvoruchko,Y"]
[Black "Tomczak,J"]
[Result "1-0"]
[WhiteElo "2666"]
[BlackElo "2544"]

1.e4 d5 2.exd5 Qxd5 3.Nc3 Qd6 4.d4 Nf6 5.Nf3 a6 6.g3 Bg4 7.Bg2 Nc6 8.O-O O-O-O
9.h3 Bh5 10.Bf4 Qb4 11.g4 Bg6 12.a3 Qxb2 13.Qe1 e6 14.Ne5 Nd5 15.Nxd5 exd5
16.Nxc6 bxc6 17.Qa5 Bd6 18.Qxa6+ Qb7 19.Qxb7+ Kxb7 20.Bxd6 cxd6 21.Ra2 Kc7
22.Rc1 Rhe8 23.Bf3 Rb8 24.Kg2 Kd7 25.a4 Rb4 26.c3 Rb3 27.a5 Bd3 28.a6 Ra8
29.Be2 Bxe2 30.Rxe2 Re8 31.Ra2 Rbb8 32.a7 Ra8 33.Rb1 Kc7 34.Ra6 Rec8 35.h4 Kd7
36.Kf3 Rc7 37.Rba1 Rb7 38.Ke3 Rb3 39.Kd3 Rb2 40.f3 h6 41.h5 Kc7 42.Re1 Kd7
43.Ra3 Rb7 44.Rea1 Rb2 45.Ke3 Kc7 46.Kf4 Kd7 47.Kf5 Rf2 48.Kf4 Rb2 49.R1a2  1-0

[Event "48th Groningen Open A"]
[Site "Groningen NED"]
[Date "2011.12.27"]
[Round "6.2"]
[White "Kovchan,A"]
[Black "Tiviakov,S"]
[Result "1/2-1/2"]
[WhiteElo "2573"]
[BlackElo "2650"]

1.e4 d5 2.exd5 Qxd5 3.Nc3 Qd6 4.d4 Nf6 5.Nf3 g6 6.g3 Bg7 7.Bg2 c6 8.O-O O-O
9.Re1 Na6 10.Bf4 Qd8 11.Qd2  1/2-1/2

[Event "Cracovia Open A"]
[Site "Krakow POL"]
[Date "2011.12.27"]
[Round "1.41"]
[White "Wandzik,W"]
[Black "Janik,A"]
[Result "1-0"]
[WhiteElo "2239"]
[BlackElo "1920"]

1.e4 d5 2.exd5 Qxd5 3.Nc3 Qd6 4.d4 Nf6 5.Nf3 c6 6.g3 Bg4 7.Bg2 e6 8.O-O Qc7
9.Re1 Be7 10.a3 O-O 11.Qd3 Bxf3 12.Bxf3 Nbd7 13.Bg5 Bd6 14.Ne4 Nxe4 15.Bxe4 h6
16.Bd2 Nf6 17.Bg2 h5 18.Bg5 Nh7 19.Bd2 Nf6 20.Bf3 g6 21.Bg5 Kg7 22.c4 Nh7
23.Bd2 Be7 24.Rad1 Bf6 25.Bf4 Qd7 26.Qb3 Rfe8 27.d5 exd5 28.cxd5 cxd5 29.Bxd5 Rxe1+
30.Rxe1 Rd8 31.Bxb7 Ng5 32.Bg2 Qf5 33.Qb7 Rd7 34.Qb8 Ne6 35.Be3 Nd4 36.b4 Nc2
37.Be4 Nxe3 38.Bxf5 Nxf5 39.Qf4 Rd4 40.Qc1 Rd5 41.Rd1 Nd4 42.Kg2 h4 43.Qc4 Rd7
44.a4 g5 45.b5 hxg3 46.hxg3  1-0

[Event "Cracovia Open A"]
[Site "Krakow POL"]
[Date "2011.12.27"]
[Round "1.4"]
[White "Andrenko,I"]
[Black "Tomczak,J"]
[Result "0-1"]
[WhiteElo "2210"]
[BlackElo "2544"]

1.e4 d5 2.exd5 Qxd5 3.Nc3 Qd6 4.d4 Nf6 5.Nf3 g6 6.Ne5 Bg7 7.Nb5 Qd8 8.Bc4 O-O
9.Bf4 c6 10.Nc3 Nbd7 11.O-O Nb6 12.Be2 Nbd5 13.Nxd5 Nxd5 14.Bg3 Bf5 15.c3 Rc8
16.Qb3 Qb6 17.Nc4 Qa6 18.Rfe1 b5 19.Ne5 Be6 20.Qc2 Qb6 21.Nd3 Bf5 22.Qb3 Bxd3
23.Bxd3 e6 24.Re2 Rfd8 25.a4 b4 26.a5 Qb7 27.a6 Qe7 28.Bc4 Nb6 29.Rae1 Nxc4
30.Qxc4 bxc3 31.bxc3 c5 32.Qb5 cxd4 33.Qb7 Qc5 34.cxd4 Bxd4 35.h3 Qc6 36.Rb1 Bb6
37.Be5 Rd7 38.Qxc6 Rxc6 39.Reb2 Kf8 40.Bf6 Ke8 41.g4 Rd5 42.Kg2 Kd7 43.Ra2 Rcd6
44.Rbb2 e5 45.Bg5 Kc6 46.Be7 Re6 47.Rc2+ Kd7 48.Bb4 Rc6 49.Re2 Rb5 50.Bf8 f5
51.Rad2+ Ke6 52.Bg7 Bc7 53.Ra2 Rc4 54.gxf5+ gxf5 55.Rab2 Rxb2 56.Rxb2 Bb6
57.Rb5 Rc5 58.Rxc5 Bxc5 59.f3 Kd5 60.Kf1 Bd6 61.Bh6 Kc4 62.Be3 Bc5 63.Bg5 Kb5
64.Bf6 Bd6 65.f4 e4 66.Be5 Bxe5 67.fxe5 Kc5  0-1

[Event "48th Groningen Open A"]
[Site "Groningen NED"]
[Date "2011.12.28"]
[Round "7.15"]
[White "Pijpers,A"]
[Black "Ypma,P"]
[Result "1-0"]
[WhiteElo "2332"]
[BlackElo "2105"]

1.e4 d5 2.exd5 Qxd5 3.Nc3 Qd6 4.d4 Nf6 5.Nf3 c6 6.Ne5 Nbd7 7.f4 Nb6 8.g4 Nbd5
9.g5 Nxc3 10.bxc3 Nd7 11.Bc4 e6 12.O-O Nxe5 13.fxe5 Qe7 14.Qf3 g6 15.h4 h5
16.a4 Qd7 17.Qf6 Rh7 18.Bd3 Be7 19.Qf2 Rg7 20.Be3 Kd8 21.Be4 Ke8 22.c4 Bd8
23.a5 a6 24.Rfd1 Rg8 25.Bd2 Kf8 26.Bb4+ Kg7 27.Bd6 Kh8 28.c5 Rg7 29.Rf1 Kg8
30.Qd2 Bc7 31.Rf6 Bd8 32.Raf1 Bxf6 33.gxf6 Rh7 34.Qg5 Qe8 35.Rb1 Kh8 36.Kf2 Qg8
37.Ke3 Ra7 38.Kf4 Ra8 39.Qg3 Qd8 40.Rb6 Ra7 41.Qe1 Bd7 42.Qb4 Qc8 43.Bd3 Kg8
44.Qb1 Kh8 45.Kg5 Be8 46.Bxa6 Qd8 47.Bxb7 Rxb7 48.a6 Qa8 49.Rxb7 Qxa6 50.Rb8 Rg7
51.Rxe8+ Rg8 52.Rxg8+ Kxg8 53.Kh6  1-0

[Event "Hastings Masters 2011-12"]
[Site "Hastings ENG"]
[Date "2011.12.28"]
[Round "1.15"]
[White "Olsarova,K"]
[Black "Armstrong,M"]
[Result "1-0"]
[WhiteElo "2167"]
[BlackElo "2016"]

1.e4 d5 2.exd5 Qxd5 3.Nc3 Qd6 4.d4 Nf6 5.Bc4 c6 6.Nge2 Bf5 7.Bf4 Qd8 8.d5 cxd5
9.Nxd5 Nxd5 10.Bxd5 Nc6 11.c3 Qb6 12.Ng3 Bg6 13.Qe2 Rd8 14.Rd1 e6 15.h4 h6
16.h5 Bh7 17.O-O Be7 18.Bxe6 fxe6 19.Qxe6 Rf8 20.Qg4 Rf7 21.b4 Qb5 22.a4 Qc4
23.Ne2 Ne5 24.Rxd8+ Bxd8 25.Qg3 Nd3 26.Bd6 Bc7 27.Nd4 Bxd6 28.Qxd6 Qc7 29.Nb5 Qxd6
30.Nxd6+ Ke7 31.Nxf7 Kxf7 32.Rd1 Ke6 33.Kf1 Kd5 34.Ke2 Kc4 35.Ke3 Kxc3 36.f4 b6
37.g4 Kc2 38.Rd2+ Kc3 39.Rd1 Kc2 40.Rd2+ Kc3 41.b5 Nxf4 42.Rd7 Ne6 43.Rxa7 Kc4
44.a5 Kxb5 45.a6 Kc6 46.Ra8 Nc5 47.Rc8+ Kb5 48.a7  1-0

[Event "1st St Leon-Rot Open"]
[Site "Sankt Leon-Rot GER"]
[Date "2011.12.28"]
[Round "3"]
[White "Villing,D"]
[Black "Tran,Thanh Kien"]
[Result "1-0"]
[WhiteElo "2151"]
[BlackElo "1945"]

1.e4 d5 2.exd5 Qxd5 3.Nc3 Qd6 4.d4 Nf6 5.Nf3 c6 6.g3 Bg4 7.Bg2 e6 8.O-O Be7
9.Bf4 Qd8 10.h3 Bxf3 11.Qxf3 Nbd7 12.Rad1 Nd5 13.Bc1 Nxc3 14.Qxc3 O-O 15.Be3 Nf6
16.Qb3 Qb6 17.c4 Qxb3 18.axb3 a5 19.Ra1 Ra6 20.g4 h6 21.f4 b5 22.g5 hxg5
23.fxg5 Nd7 24.Rfd1 bxc4 25.bxc4 Rb8 26.Ra2 Rb3 27.Bf4 Nb6 28.Bf1 Ra7 29.Rd3 Rb4
30.Bd2 Rxc4 31.b3 Rb4 32.Bxb4 Bxb4 33.Bg2 Nd5 34.Rc2 Bf8 35.Rf3 Nb4 36.Rc4 Be7
37.g6 fxg6 38.Re3 Kf7 39.Bxc6 Bf6 40.Rf3 Ke7 41.Be4 Rd7 42.Bxg6 Bxd4+ 43.Kg2 Bf6
44.Be4 Rd2+ 45.Rf2 Rd1 46.Re2 Kd6 47.Bf3 Rd3 48.Rce4 Rxb3 49.Rxe6+ Kc5 50.Re8 a4
51.Rc8+ Kd4 52.Re4+ Kd3 53.Re1 Rb2+ 54.Kg3 a3 55.Rc7 Bd4 56.Be4+ Kd2 57.Rcc1  1-0

[Event "Zuerich Weihnachtsopen Masters"]
[Site "Zuerich SUI"]
[Date "2011.12.28"]
[Round "4"]
[White "Zozulia,A"]
[Black "Zichanowicz,M"]
[Result "0-1"]
[WhiteElo "2370"]
[BlackElo "2149"]

1.e4 d5 2.exd5 Qxd5 3.Nc3 Qd6 4.d4 Nf6 5.Nf3 a6 6.Bc4 b5 7.Bb3 Bb7 8.Ne5 e6
9.Bf4 Qb6 10.O-O c5 11.dxc5 Bxc5 12.a4 O-O 13.Qe2 Nc6 14.Ng4 Nd4 15.Nxf6+ gxf6
16.Qh5 Qc6 17.Qh3 b4 18.Bh6 Kh8 19.Bxf8 Rxf8 20.Nd5 exd5 21.Rae1 Nxb3 22.Qxb3 a5
23.Rd1 d4 24.f3 Qe6 25.Rfe1 Qxb3 26.cxb3 Rd8 27.Rc1 Bb6 28.Re7 d3+ 29.Kh1 Bd5  0-1

[Event "1st St Leon-Rot Open"]
[Site "Sankt Leon-Rot GER"]
[Date "2011.12.29"]
[Round "5"]
[White "Fuchs,Benno"]
[Black "Tran,Thanh Kien"]
[Result "1-0"]
[WhiteElo "1836"]
[BlackElo "1945"]

1.e4 d5 2.exd5 Qxd5 3.Nc3 Qd6 4.d4 Nf6 5.Nf3 c6 6.g3 Bg4 7.Bg2 e6 8.Bf4 Qd8
9.O-O Be7 10.Qd2 Nbd7 11.Rfe1 Qa5 12.a3 h6 13.Ne5 Nxe5 14.Bxe5 O-O 15.b4 Qd8
16.Ne4 Nxe4 17.Bxe4 g5 18.d5 cxd5 19.Bd3 Bf6 20.h4 Bxe5 21.Rxe5 f6 22.Ree1 Qd7
23.Kg2 Kg7 24.hxg5 hxg5 25.f3 Bh5 26.Rad1 Qf7 27.c4 d4 28.Be4 e5 29.Bd5 Qd7
30.Rxe5 fxe5 31.Qxg5+ Bg6 32.Qxe5+ Rf6 33.Rxd4 Re8 34.Qg5 Rf5 35.Qg4 Qd6
36.Bf7 Qxd4 37.Qxg6+ Kf8 38.Qg8+ Ke7 39.Qxe8+ Kd6 40.Qe6+ Kc7 41.Qxf5 Qd2+
42.Kh3 Qh6+ 43.Qh5 Qc1 44.Qe5+ Kd7 45.Qe6+ Kc7 46.Qe7+ Kb6 47.Qc5+ Ka6 48.Qb5+  1-0

[Event "XXII Cajacanarias Christmas"]
[Site "Santa Cruz de Tenerife ESP"]
[Date "2011.12.29"]
[Round "9"]
[White "Rodriguez Lapetra,Jaime"]
[Black "Martin Hernandez,J"]
[Result "1-0"]
[WhiteElo "1480"]
[BlackElo "1926"]

1.e4 d5 2.exd5 Qxd5 3.Nc3 Qd6 4.Nf3 Bg4 5.Be2 Nf6 6.h3 Bxf3 7.Bxf3 c6 8.d3 g6
9.Be3 Bg7 10.Qd2 Nbd7 11.O-O Ne5 12.Qe2 h5 13.Bf4 Nfg4 14.hxg4 hxg4 15.Bxg4 f5
16.Rae1 Qf6 17.Bxe5 Qh4 18.Bh3 Bxe5 19.Qxe5 O-O-O 20.Qg3 Qf6 21.Qf3 e6 22.Qe3 Rde8
23.f3 Kb8 24.Qe5+ Qxe5 25.Rxe5 Kc7 26.Rfe1 Kd6 27.f4 b6 28.Nd1 Rh4 29.Rf1 Reh8
30.Re3 Rg8 31.Rg3 Ke7 32.Ne3 b5 33.Rf2 Kf6 34.Rff3 Rb8 35.Kf2 Rh7 36.Ke2 Rd7
37.Rf1 Rh8 38.Rgf3 Rdh7 39.b3 Rh4 40.Nd1 Re8 41.Re3 Rb8 42.c3 Rb6 43.Rff3 Ra6
44.a4 bxa4 45.bxa4 Rxa4 46.Ke1 Ra1 47.Re2 a5 48.Rff2 Rb1 49.Ra2 Rb5 50.Ra4 e5
51.c4 Rb3 52.fxe5+ Kxe5 53.Rxa5+ Kd6 54.c5+ Kd5 55.Rd2 Rb1 56.Ke2 Rb8 57.Ke1 Rhb4
58.Ne3+ Ke5 59.Kf1 Kf4 60.Nc4 Rb3 61.Rf2+ Kg3 62.Rf3+ Kh4 63.Ra6 Rb1+ 64.Kf2 Kg5
65.Ne5 Re8 66.Rg3+ Kf6 67.Nxg6 Rc8 68.Rf3  1-0

[Event "Cracovia Open A"]
[Site "Krakow POL"]
[Date "2011.12.31"]
[Round "5.1"]
[White "Lintchevski,D"]
[Black "Tomczak,J"]
[Result "1/2-1/2"]
[WhiteElo "2575"]
[BlackElo "2544"]

1.e4 d5 2.exd5 Qxd5 3.Nc3 Qd6 4.d4 Nf6 5.Nf3 g6 6.Bc4 Bg7 7.h3 O-O 8.O-O Nc6
9.Nb5 Qd8 10.Bf4 Ne8 11.c3 a6 12.Na3 Nd6 13.Be2 Bf5 14.Qc1 Re8 15.Ne5 Be4
16.Rd1 b5 17.Nc2 Qc8 18.f3 Bxc2 19.Qxc2 Qb7 20.Bd3 Rad8 21.Qe2 e6 22.a4 Ne7
23.Ng4 Nd5 24.Bg5 Ra8 25.Qf2 h5  1/2-1/2

[Event "Cracovia Open A"]
[Site "Krakow POL"]
[Date "2012.01.02"]
[Round "7.42"]
[White "Kumor,L"]
[Black "Janik,A"]
[Result "1/2-1/2"]
[WhiteElo "2141"]
[BlackElo "1920"]

1.e4 d5 2.exd5 Qxd5 3.Nc3 Qd6 4.Bc4 Nf6 5.d4 a6 6.h3 g6 7.Nf3 Bg7 8.Ne5 O-O
9.O-O c5 10.Be3 cxd4 11.Bxd4 Nc6 12.Nxc6 Qxc6 13.Qe2 e6 14.Bd3 Bd7 15.Rad1 Rad8
16.Rd2 Qc8 17.Bb6 Rde8 18.Bc4 Kh8 19.Rfd1 Bc6 20.Rd6 Nd7 21.Bd4 Nf6 22.Be5 Rd8
23.Qe3 Rxd6 24.Rxd6 Rd8 25.Rxd8+ Qxd8 26.Qg5 Qe7 27.g3 h6 28.Qf4 Kh7 29.Bd3 Nd5
30.Nxd5 exd5 31.Bd4 Bxd4 32.Qxd4 f6 33.h4 h5 34.Kf1 Kg7 35.c3 Qe6  1/2-1/2

[Event "XLI Rilton Cup 2011-12"]
[Site "Stockholm SWE"]
[Date "2012.01.02"]
[Round "6"]
[White "Hansson,F"]
[Black "Martynov,P2"]
[Result "0-1"]
[WhiteElo "1985"]
[BlackElo "2211"]

1.e4 d5 2.exd5 Qxd5 3.Nc3 Qd6 4.d4 Nf6 5.Bc4 Bg4 6.Nf3 e6 7.h3 Bh5 8.g4 Bg6
9.Ne5 c6 10.Bf4 Qd8 11.Qd2 Bb4 12.a3 Ne4 13.Qe3 Nxc3 14.bxc3 Be7 15.O-O Nd7
16.Bb3 O-O 17.Nxg6 hxg6 18.a4 Nf6 19.c4 Bd6 20.Be5 Qc7 21.Rfd1 Rad8 22.f4 c5
23.c3 Nd7 24.a5 a6 25.Bxd6 Qxd6 26.Ba4 Nf6 27.Qe5 cxd4 28.cxd4 Qb4 29.c5 Qc3
30.Kg2 Rd5 31.Qe1 Qxe1 32.Rxe1 Rxd4 33.c6 bxc6 34.Bxc6 Rc8 35.Bb7 Rc2+ 36.Kf3 Nd5
37.Bxa6 Rxf4+ 38.Kg3 Rc3+  0-1

[Event "Hastings Masters 2011-12"]
[Site "Hastings ENG"]
[Date "2012.01.03"]
[Round "7.51"]
[White "O'Grady,G"]
[Black "Calvert,D"]
[Result "1/2-1/2"]
[WhiteElo "1880"]
[BlackElo "1947"]

1.e4 d5 2.exd5 Qxd5 3.Nc3 Qd6 4.d4 Nf6 5.Nf3 c6 6.g3 Bg4 7.Bg2 e6 8.O-O Be7
9.Bf4 Qd8 10.Re1 O-O 11.h3 Bxf3 12.Bxf3 Nbd7 13.Qe2 Re8 14.Rad1 Nd5 15.Nxd5 exd5
16.Qd3 Nf6 17.Re2 Qd7 18.Rde1 Bd6 19.Rxe8+ Rxe8 20.Rxe8+ Nxe8 21.Bg4 Qe7
22.Qe3 Qxe3 23.Bxe3 Bc7 24.Bd2 Nd6 25.Bf4 Kf8 26.Bxd6+ Bxd6 27.Bc8 b6 28.Bb7 c5
29.dxc5 Bxc5 30.Bxd5 f6 31.Kf1 Ke7 32.Ke2 Kd6 33.Bc4 Ke5 34.b3 g5 35.h4 h6
36.hxg5 hxg5 37.f3 Kd4 38.g4 Bd6 39.Bd3 Bf4 40.Be4 Kc3 41.a4 a5 42.Bf5 Bc1
43.Kd1 Bf4 44.Ke2 Bc1 45.f4 gxf4 46.Kf3  1/2-1/2

[Event "Cracovia Comarch Cup"]
[Site "Krakow POL"]
[Date "2012.01.03"]
[Round "8.3"]
[White "Kanarek,M"]
[Black "Kasparov,S"]
[Result "1/2-1/2"]
[WhiteElo "2467"]
[BlackElo "2521"]

1.e4 d5 2.exd5 Qxd5 3.Nc3 Qd6 4.d4 Nf6 5.Nf3 c6 6.Ne5 Nbd7 7.Nc4 Qc7 8.Qf3 Nb6
9.Bf4 Qd7 10.h3 Nxc4 11.Bxc4 Qxd4 12.Bb3 e6 13.Rd1 Qb6 14.O-O Be7 15.Ne4 Nxe4
16.Qxe4 O-O 17.Be5 Rd8 18.Qg4 Bf8 19.Qg3 Rd7 20.Rxd7 Bxd7 21.Rd1 Be8 22.Rd4 Qc5
23.c3 Qe7 24.Bd6 Qf6 25.Be5 Qe7 26.Bd6 Qf6 27.Be5 Qg6 28.Rg4 Qb1+ 29.Kh2 g6
30.h4 Bg7 31.Bxg7 Kxg7 32.Qc7 Qf5 33.Rg3 Qxf2 34.Bxe6 Qf6 35.Bc8 Qxh4+ 36.Rh3 Qg5
37.Rg3 Qh4+ 38.Rh3 Qg5 39.Rg3 Qh4+ 40.Rh3  1/2-1/2

[Event "ch-AUS 2011-12"]
[Site "North Geelong AUS"]
[Date "2012.01.03"]
[Round "7.11"]
[White "Wallis,C"]
[Black "Ferozkohi,I"]
[Result "1-0"]
[WhiteElo "2268"]
[BlackElo "2125"]

1.e4 d5 2.exd5 Qxd5 3.Nc3 Qd6 4.d4 Nf6 5.Nf3 g6 6.g3 Bg7 7.Bg2 O-O 8.O-O c6
9.Bf4 Qd8 10.Re1 Re8 11.Qe2 Na6 12.Rad1 Bf5 13.a3 Nc7 14.Ne5 Ncd5 15.Nxd5 Nxd5
16.Bc1 f6 17.Nf3 Qd7 18.c4 Nb6 19.d5 cxd5 20.cxd5 Nxd5 21.Nd4 Rad8 22.Nxf5 Qxf5
23.g4 Nf4 24.Qc4+ Qe6 25.Rxe6  1-0

[Event "24th Staufer-Open"]
[Site "Schwaebisch Gmuend GER"]
[Date "2012.01.03"]
[Round "4"]
[White "Bravo Lutz,S"]
[Black "Blaschke,T"]
[Result "1-0"]
[WhiteElo "2245"]
[BlackElo "2034"]

1.e4 d5 2.exd5 Qxd5 3.Nc3 Qd6 4.h3 Nf6 5.Nf3 a6 6.g3 e5 7.Bg2 Nc6 8.O-O Bf5
9.Re1 O-O-O 10.d3 Nd7 11.a3 h6 12.b4 Nd4 13.Nxd4 Qxd4 14.Qf3 c6 15.Bb2 Be6
16.Na4 Qd6 17.c4 f6 18.Rac1 Qc7 19.d4 Nb6 20.Nxb6+ Qxb6 21.dxe5 f5 22.c5 Qc7
23.a4 Be7 24.b5 cxb5 25.axb5 Bg5 26.Ra1 axb5 27.Ra7 Qc6 28.Rea1 Bd5 29.Qxf5+ Kc7
30.e6 Qxc5 31.Qe5+ Kc6 32.R1a6+ bxa6 33.Qc7+  1-0

[Event "17th Bosnjaci Open"]
[Site "Bosnjaci CRO"]
[Date "2012.01.04"]
[Round "3.8"]
[White "Leskur,D"]
[Black "Kovacevic,Sr"]
[Result "1/2-1/2"]
[WhiteElo "2394"]
[BlackElo "2078"]

1.e4 d5 2.exd5 Qxd5 3.Nc3 Qd6 4.d4 Nf6 5.Bg5 a6 6.Qd2 Bg4 7.Be2 Bxe2 8.Ngxe2 Nbd7
9.O-O e6 10.Rad1 Be7 11.Ng3 O-O 12.d5 Rfe8 13.Bf4 e5 14.Nf5 Qb4 15.Nxe7+ Rxe7
16.Be3 Qd6 17.b3 h6 18.f3 Rd8 19.Ne4 Nxe4 20.fxe4 Nf6 21.Qd3 Ng4 22.c4 Qg6
23.Bc5 Red7 24.Rf5 Re8 25.Rdf1 Nf6 26.Qf3 Rdd8 27.Be3 Re7 28.h4 Nd7 29.c5 f6
30.h5 Qe8 31.Qe2 Nf8 32.a4 Nh7 33.Qc2 Ng5 34.Bxg5 hxg5 35.g4 b6 36.b4 bxc5
37.bxc5 Rf7 38.Qc4 a5 39.Rb1 Rb8 40.Rb5 Rxb5 41.axb5 Kh7 42.Kg2 g6 43.Rf1  1/2-1/2

[Event "Hastings Masters 2011-12"]
[Site "Hastings ENG"]
[Date "2012.01.04"]
[Round "8.50"]
[White "Rajesh,Gorak"]
[Black "Calvert,D"]
[Result "1/2-1/2"]
[WhiteElo "1401"]
[BlackElo "1947"]

1.e4 d5 2.exd5 Qxd5 3.Nc3 Qd6 4.d4 Nf6 5.Nf3 c6 6.g3 Bg4 7.Bg2 e6 8.Bf4 Qd8
9.a3 Bd6 10.Qd2 Bxf3 11.Bxf3 Bxf4 12.Qxf4 O-O 13.O-O Nbd7 14.b4 Nb6 15.h4 Nfd5
16.Qd2 Qf6 17.Bg2 Nxc3 18.Qxc3 Rfd8 19.Rfd1 Rd7 20.Rd3 Rad8  1/2-1/2

[Event "2nd Mantova Open A 2012"]
[Site "Mantova ITA"]
[Date "2012.01.04"]
[Round "4"]
[White "Xia,J"]
[Black "Mrdja,M"]
[Result "0-1"]
[WhiteElo "2269"]
[BlackElo "2389"]

1.e4 d5 2.exd5 Qxd5 3.Nc3 Qd6 4.d4 Nf6 5.Nf3 g6 6.Nb5 Qd8 7.c4 Bg7 8.Bf4 Na6
9.Be2 O-O 10.O-O c6 11.Nc3 Bf5 12.Be5 Bh6 13.d5 c5 14.Nh4 Bd7 15.f4 Ne8 16.Ne4 Nd6
17.Bd3 Nxe4 18.Bxe4 f6 19.Bc3 f5 20.Bd3 e5 21.dxe6 Bxe6 22.Qe2 Qe7 23.g4 Rae8
24.gxf5 gxf5 25.Qh5 Bg7 26.Bxg7 Qxg7+ 27.Kh1 Bf7 28.Qxf5 Kh8 29.Rg1 Qh6 30.Qg5 Qc6+
31.Qg2 Qxg2+ 32.Nxg2 Nb4 33.Bf1 Bh5 34.h3 Nc2 35.Rc1 Nd4 36.Bd3 Bf3 37.Kh2 Be2
38.Bxe2 Nxe2 39.Rgd1 Nxc1 40.Rxc1 Re2 41.Kg3 Rg8+  0-1

[Event "Hastings Masters 2011-12"]
[Site "Hastings ENG"]
[Date "2012.01.05"]
[Round "9.53"]
[White "O'Grady,G"]
[Black "Kalairajah,Shyam"]
[Result "1-0"]
[WhiteElo "1880"]
[BlackElo "1830"]

1.e4 d5 2.exd5 Qxd5 3.Nc3 Qd6 4.d4 Nf6 5.Nf3 a6 6.g3 b5 7.Bg2 Bb7 8.O-O e6
9.Re1 Be7 10.Bf4 Qb6 11.d5 Nxd5 12.Ne5 Nxf4 13.Bxb7 Qxb7 14.gxf4 O-O 15.Re3 Bd6
16.Qh5 Nc6 17.Nd7 Rfd8 18.Nf6+ gxf6 19.Qh6 Bxf4 20.Qxf4 Kf8 21.Qxf6 Nd4 22.Ne4 Qd5
23.Qh6+ Ke7 24.Qh4+ Kf8 25.Qh6+ Ke7 26.Qf6+ Kf8 27.Qh6+ Ke7 28.Qh4+ Kf8 29.Rd3 Nf5
30.Qf6 Qxe4 31.Rxd8+ Rxd8 32.Qxd8+ Kg7 33.Qg5+ Kf8 34.Rd1  1-0

[Event "4th Chennai Open"]
[Site "Chennai IND"]
[Date "2012.01.10"]
[Round "9"]
[White "Divyasri,C"]
[Black "Vakhidov,J"]
[Result "0-1"]
[WhiteElo "2160"]
[BlackElo "2419"]

1.e4 d5 2.exd5 Qxd5 3.Nc3 Qd6 4.Nf3 Nf6 5.d4 g6 6.g3 Bg7 7.Bg2 c6 8.Ne5 O-O
9.O-O Na6 10.Re1 Bf5 11.Be3 Nb4 12.Rc1 Rad8 13.f4 Nbd5 14.Nxd5 cxd5 15.c3 Be4
16.Bf1 a6 17.Qb3 Rb8 18.a4 Nd7 19.c4 Kh8 20.cxd5 Nf6 21.Bf2 Bxd5 22.Bc4 Kg8
23.Bxd5 Nxd5 24.Rc5 e6 25.Nc4 Qd8 26.Ne5 Re8 27.Rd1 Bf8 28.Rcc1 Qd6 29.Nd3 Be7
30.a5 b6 31.axb6 Rxb6 32.Qa4 Reb8 33.Rc4 Rb5 34.Rc5 Bf6 35.Rdc1 Ne7 36.Rxb5 axb5
37.Qb4 Qxb4 38.Nxb4 Rd8 39.Rc7 Kf8 40.Rb7 Bxd4 41.Bxd4 Rxd4 42.Rxb5 Rd1+
43.Kg2 Rd2+ 44.Kh3 Rxb2 45.Rb8+ Kg7 46.Re8 Nf5 47.Nc6 h5 48.Ne5 f6 49.Nd7 Kf7
50.Rh8 Rc2 51.Rh7+ Ng7 52.Rh8 Rc7 53.Rf8+ Ke7 54.Rg8 Ne8 55.Nb6 Rc6 56.Na4 Kf7
57.Rh8 e5 58.fxe5 fxe5 59.Rh7+ Ng7 60.Rh8 Ne6 61.Kg2 Rc2+ 62.Kf3 Nf8  0-1

[Event "10th Parsvnath Open"]
[Site "New Delhi IND"]
[Date "2012.01.16"]
[Round "3"]
[White "Prince,Ba"]
[Black "Vakhidov,J"]
[Result "1/2-1/2"]
[WhiteElo "2222"]
[BlackElo "2419"]

1.e4 d5 2.exd5 Qxd5 3.Nc3 Qd6 4.d4 Nf6 5.Nf3 g6 6.g3 Bg7 7.Bg2 c6 8.O-O O-O
9.a3 Na6 10.Bf4 Qd8 11.Qd2 Re8 12.Rad1 Nc7 13.Bh6 Bh8 14.h3 Bf5 15.Ne5 Nd7
16.Nc4 Nb6 17.Ne3 Be6 18.Ne4 Qc8 19.Ng5 Rd8 20.Nxe6 Qxe6 21.c3 Nc4 22.Qe2 Nxe3
23.Qxe3 Bf6 24.Bf4 Qxe3 25.fxe3 Ne6 26.e4 Bg5 27.Bxg5 Nxg5 28.d5 cxd5 29.exd5 h5
30.h4 Nh7 31.d6 Rxd6 32.Rxd6 exd6 33.Bxb7 Re8 34.Rd1 Rb8 35.Bf3 Rxb2 36.Rxd6 Kg7
37.Ra6 Nf6 38.Rxa7 Rb3 39.a4 Rxc3 40.Bg2 Rc2 41.Bf1 Rc1  1/2-1/2

[Event "20th Fajr Open"]
[Site "Tabriz IRI"]
[Date "2012.01.18"]
[Round "9.8"]
[White "Moghaddamian,A"]
[Black "Sulashvili,M"]
[Result "1/2-1/2"]
[WhiteElo "2168"]
[BlackElo "2441"]

1.e4 d5 2.exd5 Qxd5 3.Nc3 Qd6 4.Nf3 Nf6 5.d4 a6 6.Be2 Bg4 7.O-O e6 8.Re1 Nbd7
9.h3 Bh5 10.d5 Bxf3 11.dxe6 Qxd1 12.Bxd1 Bxd1 13.exd7+ Kxd7 14.Rxd1+ Bd6
15.Bf4 Rhe8 16.Bxd6 cxd6 17.Rd2 Ne4 18.Nxe4 Rxe4 19.Rad1 Re6 20.Kf1 Rc8 21.Re1 Rc5
22.Rde2 b5 23.g3 g5 24.c3 Rd5 25.Kg2 Rd3 26.f3 h5 27.Rxe6 fxe6 28.Kf2 Rd2+
29.Re2 Rd1 30.Re1 Rd5 31.Re4 Rd2+ 32.Re2 Rd1 33.Re1 Rxe1 34.Kxe1 Kc6 35.Ke2 Kd5
36.b3 h4 37.g4 a5 38.Ke3 e5 39.Kd3  1/2-1/2